| 000 | 00707nam a2200133Ia 4500 | ||
|---|---|---|---|
| 008 | 171212s9999 xx 000 0 und d | ||
| 020 | _a9780833041944 | ||
| 100 | _aLoughran, David S.;Seabury, Seth A.;Zakaras, Laura;Laura Zakaras, | ||
| 245 |
_cLoughran, David S.;Seabury, Seth A.;Zakaras, Laura;Laura Zakaras, _aRegulating Older Drivers _bAre New Policies Needed? |
||
| 260 |
_bRAND Corporation _c2007 |
||
| 650 | _aDrivers’ licenses -- United States; Older automobile drivers -- Government policy -- United States; Traffic safety -- United States -- Evaluation; Risk assessment -- United States; Traffic regulations -- United States | ||
| 650 | _aLaw | ||
| 856 | _uwww.jstor.org/stable/10.7249/op189icj | ||
| 999 |
_c352490 _d352490 |
||